• 首页
  • 本馆介绍
  • 公告通知
  • 最新文献
  • 馆藏检索
  • 电子资源
  • 读者导购
  • 参考咨询
  • 我的图书馆
  • 登录
  • 详细信息显示
  • 放入我的书架
  • 预约/预借图书
  • 作者相关作品
  • 分类相关作品
  • 丛书相关作品
  • 出版社相关作品

书目信息

  • 表格格式
  • 工作单格式
  • 卡片格式
题名:
唐风吹拂撒马尔罕
    
 
作者: 康马泰 著 ;毛铭 译
分册:  
出版信息: 桂林   漓江出版社有限公司  2016
页数: 12,207页
开本: 23cm
丛书名: 丝路译丛
单 册:
中图分类: K883.629.41 , K242.07
科图分类:
主题词: 壁画--美术考古--撒马尔罕 , 中国历史--研究--唐代
电子资源:
ISBN: 978-7-5407-7746-3
000 01505oam2 2200337 450
001 012001001131
005 20140920091302.0
010    @a978-7-5407-7746-3@dCNY36.00
100    @a20170215d2016 em y0chiy50 ea
101 1  @achi@cita
102    @aCN@b450000
105    @aab z 000yy
106    @ar
200 1  @a唐风吹拂撒马尔罕@9Tang Feng Chui Fu Sa Ma Er Han@e粟特艺术与中国、波斯、印度、拜占庭@dDawn of Samarkand@eartistic interaction between Sogdiana, China, Persia, India and Byzantium@f(意)康马泰(Matteo Compareti)著@g毛铭译@zeng
210    @a桂林@c漓江出版社有限公司@d2016
215    @a12,207页@c图,地图@d23cm
225 1  @a丝路译丛@h第一辑@i玄奘之旅
300    @a国家出版基金项目
330    @a本书分为四卷:粟特艺术与中国、粟特艺术与波斯、粟特艺术与印度、粟特艺术与拜占庭》,关于撒马尔罕大使厅壁画上的唐代端午节,中国北朝墓葬中的粟特艺术,粟特信仰与佛教、印度教神祇的关系等,书中都有精彩论述。
461  0 @12001 @a丝路译丛
462  0 @12001 @a玄奘之旅
510 1  @aDawn of Samarkand@eartistic interaction between Sogdiana, China, Persia, India and Byzantium@zeng
517 1  @a粟特艺术与中国、波斯、印度、拜占庭@9Su Te Yi Shu Yu Zhong Guo、bo Si、yin Du、bai Zhan Ting
606 0  @a壁画@x美术考古@y撒马尔罕
606 0  @a中国历史@x研究@z唐代
690    @aK883.629.41@v5
690    @aK242.07@v5
701  0 @c(意)@a康马泰@9Kang Ma Tai@c(Compareti, Matteo)@4著
702  0 @a毛铭@9Mao Ming@4译
801  0 @aCN@b上海新华@c20180901
905    @b1151562-66@dK883.629@e10@f5
    
    唐风吹拂撒马尔罕:粟特艺术与中国、波斯、印度、拜占庭=Dawn of Samarkand:artistic interaction between Sogdiana, China, Persia, India and Byzantium/(意)康马泰(Matteo Compareti)著/毛铭译.-桂林:漓江出版社有限公司,2016
    12,207页:图,地图;23cm.-(丝路译丛.第一辑.玄奘之旅)
    国家出版基金项目
    
    ISBN 978-7-5407-7746-3:CNY36.00
    本书分为四卷:粟特艺术与中国、粟特艺术与波斯、粟特艺术与印度、粟特艺术与拜占庭》,关于撒马尔罕大使厅壁画上的唐代端午节,中国北朝墓葬中的粟特艺术,粟特信仰与佛教、印度教神祇的关系等,书中都有精彩论述。
●
相关链接 在E读中查询图书 在五车中查询图书 在当当中查询图书 在豆瓣中查询图书


正题名:唐风吹拂撒马尔罕     索取号:K883.629/10         预约/预借

序号 登录号 条形码 馆藏地/架位号 状态 备注
1 1151562   211515626   第二样本阅览室/ [索取号:K883.629/10] 在馆    
2 1151563   211515635   密集书库-文学院/ [索取号:K883.629/10] 在馆    
3 1151564   211515644   第二借阅区/ [索取号:K883.629/10] 在馆    
4 1151565   211515653   第二借阅区/ [索取号:K883.629/10] 在馆    
5 1151566   211515662   第二借阅区/ [索取号:K883.629/10] 在馆    
唐山师范学院图书馆 欢迎您!
大连网信软件有限公司© 版权所有